000
00342nam a2200145Ia 4500
008
150201s2004 xx 000 0 und d
082
_a
617.643
_b
O2004M
100
_a
MIZRAHI
245
_a
ORTHODONTIC PEALALS
250
_a
1ST
260
_b
INFORMA HEALTH CARE
_a
DELHI
_c
2004
300
_a
1-238
650
_a
ORTHODONTICS
942
_2
ddc
_c
BK
999
_c
4561
_d
4561